| 000 | 00602 a2200169 4500 | ||
|---|---|---|---|
| 003 | Nust | ||
| 005 | 20220802092731.0 | ||
| 040 | _cNust | ||
| 082 | _a005.1,AHM | ||
| 100 |
_aAhmed,Ejaz _996202 |
||
| 245 |
_aOracle SQL Plus an Interactive Approach _bSQL / _cEjaz Ahmed |
||
| 260 |
_aLahore _bIlm-o-Irfan _c1998 |
||
| 300 | _axix,411p. | ||
| 505 | _aPART-1: Getting Started (Page-23), PART-2: Querying your Database (Page-79), PART-3: Creating and Reviewing Tables (Page-203), PART-4: Managing your Database (Page-289). | ||
| 650 |
_aSQL an Interactive Approach _996203 |
||
| 942 |
_2ddc _cBK _k005.1,AHM |
||
| 999 |
_c194782 _d194782 |
||